Les polynésiens (Record no. 157598)
[ view plain ]
| 000 -LEADER | |
|---|---|
| campo de control de longitud fija | 00720nam a2200193 i 4500 |
| 001 - NÚMERO DE CONTROL | |
| campo de control | 157598 |
| 003 - IDENTIFICADOR DE NÚMERO DE CONTROL | |
| campo de control | ES-MaACL |
| 005 - FECHA Y HORA DE LA ÚLTIMA TRANSACCIÓN | |
| campo de control | 20250727025349.0 |
| 008 - DATOS DE LONGITUD FIJA--INFORMACIÓN GENERAL | |
| campo de control de longitud fija | 001107s18801884fr ab |||| | fre d |
| 040 ## - FUENTE DE CATALOGACIÓN | |
| Centro catalogador/agencia de origen | CCPB | B |
| Lengua de catalogación | spa |
| Centro/agencia transcriptor | CCPB | B |
| 100 1# - ENTRADA PRINCIPAL--NOMBRE DE PERSONA | |
| Nombre de persona | Lesson, A. |
| 9 (RLIN) | 128906 |
| 245 14 - MENCIÓN DEL TÍTULO | |
| Título | Les polynésiens |
| Resto del título | : leur origine, leurs migrations, leur langage / |
| Mención de responsabilidad, etc. | par A. Lesson ; ouvrage rédigé d'aprés le manuscrit de l'auteur par Ludovic Martinet. |
| 260 ## - PUBLICACIÓN, DISTRIBUCIÓN, ETC. | |
| Lugar de publicación, distribución, etc. | Paris : |
| Nombre del editor, distribuidor, etc. | Ernest Leroux, |
| Fecha de publicación, distribución, etc. | 1880-1884. |
| 300 ## - DESCRIPCIÓN FÍSICA | |
| Extensión | 4 v. : |
| Otras características físicas | mapas ; |
| Dimensiones | 24 cm. |
| 650 #7 - PUNTO DE ACCESO ADICIONAL DE MATERIA--TÉRMINO DE MATERIA | |
| Término de materia o nombre geográfico como elemento de entrada | Antropología cultural y social- |
| Subdivisión geográfica | Polinesia |
| Fuente del encabezamiento o término | |
| 9 (RLIN) | 135573 |
| 700 1# - ENTRADA AGREGADA--NOMBRE PERSONAL | |
| Nombre de persona | Martinet, Ludovic. |
| 9 (RLIN) | 129572 |
| 852 ## - LOCALIZACIÓN | |
| Ubicación | ES-MaACL |
| Número de control de estantería | F-1738-1741 |
| Nota libre | -- Rúst. |
| Estatus retirado | Estado de pérdida | Estado de daño | No para préstamo | Colección | Biblioteca de origen | Biblioteca actual | Ubicación en estantería | Fecha de adquisición | Fuente de adquisición | Total de préstamos | Signatura topográfica completa | Código de barras | Visto por última vez | Precio de reemplazo | Tipo de ítem Koha |
|---|---|---|---|---|---|---|---|---|---|---|---|---|---|---|---|
| Libros del s. XIX | Biblioteca del Ateneo de Madrid | Biblioteca del Ateneo de Madrid | Depósito 2 | 17/01/2008 | F-1738-1741 | 1164921 | 23/02/2023 | 23/02/2023 | Libro impreso antiguo |
